<?xml version="1.0" encoding="UTF-8"?><?xml-stylesheet type="text/xsl" href="static/style.xsl"?><OAI-PMH xmlns="http://www.openarchives.org/OAI/2.0/" xmlns:xsi="http://www.w3.org/2001/XMLSchema-instance" xsi:schemaLocation="http://www.openarchives.org/OAI/2.0/ http://www.openarchives.org/OAI/2.0/OAI-PMH.xsd"><responseDate>2026-06-03T23:33:31Z</responseDate><request verb="GetRecord" identifier="oai:riuma.uma.es:10630/35266" metadataPrefix="marc">https://riuma.uma.es/rest/oai/request</request><GetRecord><record><header><identifier>oai:riuma.uma.es:10630/35266</identifier><datestamp>2026-02-03T11:22:04Z</datestamp><setSpec>com_10630_2254</setSpec><setSpec>col_10630_37953</setSpec></header><metadata><record xmlns="http://www.loc.gov/MARC21/slim" xmlns:dcterms="http://purl.org/dc/terms/" xmlns:doc="http://www.lyncode.com/xoai" xmlns:xsi="http://www.w3.org/2001/XMLSchema-instance" xsi:schemaLocation="http://www.loc.gov/MARC21/slim http://www.loc.gov/standards/marcxml/schema/MARC21slim.xsd">
   <leader>00925njm 22002777a 4500</leader>
   <datafield ind2=" " ind1=" " tag="042">
      <subfield code="a">dc</subfield>
   </datafield>
   <datafield ind2=" " ind1=" " tag="720">
      <subfield code="a">Orgambidez-Ramos, Alejandro</subfield>
      <subfield code="e">author</subfield>
   </datafield>
   <datafield ind2=" " ind1=" " tag="720">
      <subfield code="a">Borrego, Yolanda</subfield>
      <subfield code="e">author</subfield>
   </datafield>
   <datafield ind2=" " ind1=" " tag="720">
      <subfield code="a">Cantero Sánchez, Fernando Miguel</subfield>
      <subfield code="e">author</subfield>
   </datafield>
   <datafield ind2=" " ind1=" " tag="720">
      <subfield code="a">León-Pérez, José M.</subfield>
      <subfield code="e">author</subfield>
   </datafield>
   <datafield ind2=" " ind1=" " tag="260">
      <subfield code="c">2024</subfield>
   </datafield>
   <datafield ind2=" " ind1=" " tag="520">
      <subfield code="a">Aim: This systematic review and meta-analysis aimed to analyze studies that examinedthe relationship between psychological capital and burnout in registered nurses.&#xd;
Methods: This research is based on the Joanna Briggs Institute Guidelines and Preferred Reporting Items for systematic reviews and meta-analysis. A total of 180 studies on psy-chological capital and burnout were retrieved from Web of Science, Scopus, PubMed, Medline, and PsycINFO. The articles were written in English, Spanish, French, and Portuguese. Then, 23 studies were included in several meta-analyses (random-effectsmodels) performed with the R statistical program.&#xd;
Results: Analysis of the 23 studies revealed that psychological capital and burnoutare significantly correlated. The Psychological Capital Questionnaire (PCQ) and theMaslach Burnout Inventory (MBI) were the most used scales to measure psychologi-cal capital and burnout, respectively. The meta-analyses showed an inverse correlationbetween psychological capital and burnout (r = −0.44, 95% CI [−0.51, −0.36], n = 6092),and emotional exhaustion (r = −0.32, 95% CI [−0.42, −0.21], n = 3349).&#xd;
Conclusion: This review provides evidence of the negative relationship between psy-chological capital and burnout in registered nurses. Therefore, enhancing psychologicalcapital is an effective strategy to prevent and reduce burnout in nurses.Implications for nursing and health policy: Psychological capital is a personal resourceopen to development over time and susceptible to interventions aimed at promotingoptimism, efficacy, hope, and resilience. In that sense, training aimed at improvingpsychological capital, as a protective mechanism to prevent and reduce burnout andemotional exhaustion, should be considered together with organizational measures topromote nurses’ health and well-being.</subfield>
   </datafield>
   <datafield ind1="8" ind2=" " tag="024">
      <subfield code="a">Orgambídez, A., Borrego, Y., Cantero-Sánchez, F.J., &amp; León-Pérez, J.M. (2024) Relationship between psychological capital and nursing burnout: A systematic review and meta-analysis. International Nursing Review, 1–10. https://doi.org/10.1111/inr.13072</subfield>
   </datafield>
   <datafield ind1="8" ind2=" " tag="024">
      <subfield code="a">https://hdl.handle.net/10630/35266</subfield>
   </datafield>
   <datafield ind1="8" ind2=" " tag="024">
      <subfield code="a">https://doi.org/10.1111/inr.13072</subfield>
   </datafield>
   <datafield tag="653" ind2=" " ind1=" ">
      <subfield code="a">Enfermería - Estrés laboral</subfield>
   </datafield>
   <datafield ind2="0" ind1="0" tag="245">
      <subfield code="a">Relationship between psychological capital and nursing burnout: A systematic review and meta-analysis</subfield>
   </datafield>
</record>
</metadata></record></GetRecord></OAI-PMH>